000 01463nam a22002897a 4500
003 EC-QuCCB
005 20260410161348.0
007 ta
008 260410s1996 ec |||gr|||| 000 0dspa d
040 _aEC-QuCCB
041 _aspa
082 _a291.5
_bC2665
100 1 _929187
_aCardenal, Ernesto,‎
_cSacerdote,
_d1925-‏
245 1 0 _aVida en el amor
_cErnesto Cardenal
250 _aPrimera edición
260 _aQuito, Ecuador :
_bEl Horeb,
_c1996
300 _a196 páginas ;
_c20 cm
336 _atexto
_btxt
337 _ano mediado
_bn
338 _avolumen
_bnc
520 _a«La finalidad de este libro es sencillamente la de abrirnos los ojos a lo que debiera ser obvio, pero que es increíble: 'todos los seres se aman'. 'La vida es amor'. [...] La sencillez lúcida y 'franciscana' de Ernesto Cardenal nos muestra el mundo no como lo vemos con nuestro miedo y nuestra desconfianza, sino como realmente es. Porque el amor no es un sueño: el amor es la ley básica de las criaturas que fueron creadas libres para darse, libres para participar de la infinita abundancia de vida con que nos colma Dios. El amor es el corazón y el verdadero centro del dinamismo creador que llamamos vida. El amor es la vida misma en su estado de madurez y de perfección». (Del prólogo de Thomas Merton)
590 _abgg
650 4 _912675
_aÉtica cristiana
653 _aDios — Amor
942 _2ddc
_cBK
999 _c83832
_d83832